| 000 | 00000nam 2200000za 4500 |
| 001 | 9.853853 |
| 003 | CaOODSP |
| 005 | 20221107154928 |
| 007 | cr ||||||||||| |
| 008 | 180319s2018 pica o f000 0 fre d |
| 020 | |a9780660258096|z9780660258102 |
| 040 | |aCaOODSP|bfre |
| 043 | |an-cn--- |
| 086 | 1 |aV32-105/2018F-PDF|zV32-105/2018 |
| 245 | 03|aLe Canada se souvient de la guerre de Corée |h[ressource électronique]. |
| 260 | |a[Charlottetown, Î.-P.-É.] : |bAnciens combattants Canada, |cc2018. |
| 300 | |a[3] p. : |bill. |
| 500 | |aPubl. aussi en anglais sous le titre : Canada remembers the Korean War. |
| 500 | |aTitre de départ. |
| 500 | |aLe n° de catalogue (V32-105/2018) et l’ISBN (978-0-660-25810-2) de l'édition imprimée bilingue ont été copiés dans l’édition électronique. |
| 500 | |aPubl. aussi en format HTML. |
| 530 | |aÉgalement publ. en version imprimée bilingue. |
| 692 | 07|2gccst|aHistoire militaire |
| 693 | 4|aGuerre de Corée, 1950-1953 |
| 710 | 1 |aCanada. |bAnciens combattants Canada. |
| 775 | 08|tCanada remembers the Korean War |w(CaOODSP)9.853851 |
| 776 | 0#|tLe Canada se souvient de la guerre de Corée |w(CaOODSP)9.853857 |
| 795 | |tLe Canada se souvient de la Guerre de Corée |w(CaOODSP)9.638411 |
| 856 | 40|qPDF|s6.27 Mo|uhttps://publications.gc.ca/collections/collection_2018/acc-vac/V32-105-2018-fra.pdf |